zpět

Detail výsledku týmu

Smíchovská Tankovna, Benešov

Datum a čas kvízu

19 Celkem bodů Celkový počet nahraných bodů na tomto kvízu bez doplňovacích otázek.
9. Pořadí na kvízu Konečné umístění týmu na tomto kvízu.

Zaznamenané odpovědi

# Otázka Odpověď Body Výsledky
1. Jak se nazývá státní vyznamená... Řád Tomáše Garrigua Masaryka (1. třídy) 0
2. Farmáři z australského Nového... borůvka 1
3. Jak se nazývá soutěžní reality... Peče celá země 1
4. Automobilka Škoda představila... Epiq 0
5. Pokolikáté zvítězil fenomenáln... popáté (4 a 6 za půl bodu) 0.5
6. Téma začneme v Evropě. Seřaďte... 1A 2C 3B 4D 0
7. V čele kterého ostrovního stát... Kuba 0
8. Jak se jmenuje tento živočich... fosa 1
9. Celkově kolikátou nejlidnatějš... 4. nejlidnatější 0
10. Jak se jmenuje ostrovní stát,... Tonga 0